Essentials of Management (Record no. 2232)

MARC details
000 -LEADER
fixed length control field 00424nam a22001817a 4500
005 - DATE AND TIME OF LATEST TRANSACTION
control field 20180814121904.0
008 - FIXED-LENGTH DATA ELEMENTS--GENERAL INFORMATION
fixed length control field 160531b xxu||||| |||| 00| 0 eng d
020 ## - INTERNATIONAL STANDARD BOOK NUMBER
ISBN 978-0-07-062030-8
041 ## - LANGUAGE CODE
Language code of text/sound track or separate title eng
082 ## - DEWEY DECIMAL CLASSIFICATION NUMBER
Item number 6333
Classification number 658.4
100 ## - MAIN ENTRY--AUTHOR NAME
Personal name Massie, Joseph L.
245 ## - TITLE STATEMENT
Title Essentials of Management
250 ## - EDITION STATEMENT
Edition statement 4th ed,
260 ## - PUBLICATION, DISTRIBUTION, ETC. (IMPRINT)
Name of publisher TMH
Place of publication delhi
300 ## - PHYSICAL DESCRIPTION
Number of Pages 460p,
650 ## - SUBJECT ADDED ENTRY--TOPICAL TERM
Topical Term Management
942 ## - ADDED ENTRY ELEMENTS (KOHA)
Koha item type Books
Holdings
Lost status Damaged status Home library Shelving location Date acquired Cost, normal purchase price Full call number Accession Number Koha item type
    JRU Library SHELF - 19 - L 31/05/2016 265.00 658.4 6333 Books